[Event "Dortmund Sparkassen op-B"]
[Site "Dortmund"]
[Date "2010.07.25"]
[Round "9"]
[White "Gegner, Michael"]
[Black "Ziabari, Morteza"]
[Result "0-1"]
[WhiteElo "1573"]
[BlackElo "1935"]
[PlyCount "70"]
[EventDate "2010.07.17"]
[EventType "swiss"]
[EventRounds "9"]
[EventCountry "GER"]
[SourceTitle "EXT 2014"]
[Source "ChessBase"]
[SourceDate "2013.11.20"]
[SourceVersion "1"]
[SourceVersionDate "2013.11.20"]
[SourceQuality "1"]

1. d4 d5 2. e4 dxe4 3. Nc3 Nf6 4. f3 Nc6 5. d5 Nxd5 6. Qxd5 exf3 7. Qxd8+ Kxd8 8. Nxf3 f6 9. Be3 e5 10. 0-0-0+ Bd6 11. Nb5 Ke7 12. Nxd6 cxd6 13. a3 Be6 14. c4 Na5 15. Nd2 Rhc8 16. c5 dxc5 17. Kb1 c4 18. Rc1 b5 19. Be2 Rc7 20. b4 Nc6 21. Bc5+ Kf7 22. Bf3 Rd8 23. Ne4 Nd4 24. Nd6+ Kg8 25. Rhd1 Nxf3 26. Nxb5 Rxd1 27. Rxd1 Rd7 28. Rxd7 Bxd7 29. Nxa7 Nd2+ 30. Kc2 Ne4 31. Be3 Ba4+ 32. Kc1 Nd6 33. Bc5 Nb5 34. Nxb5 Bxb5 35. Kc2 Kf7 0-1

[Event "Dortmund Sparkassen op-B"]
[Site "Dortmund"]
[Date "2010.07.20"]
[Round "4"]
[White "Huckebrink, Chris"]
[Black "Gegner, Michael"]
[Result "1-0"]
[WhiteElo "1778"]
[BlackElo "1573"]
[PlyCount "45"]
[EventDate "2010.07.17"]
[EventType "swiss"]
[EventRounds "9"]
[EventCountry "GER"]
[SourceTitle "EXT 2014"]
[Source "ChessBase"]
[SourceDate "2013.11.20"]
[SourceVersion "1"]
[SourceVersionDate "2013.11.20"]
[SourceQuality "1"]

1. e4 e5 2. Nf3 f5 3. Nxe5 Nc6 4. Qh5+ g6 5. Nxg6 Nf6 6. Qh4 Rg8 7. Nxf8 Rg4 8. Qh3 Rxe4+ 9. Kd1 Ng4 10. Qg3 Re7 11. h3 Nf6 12. d3 d5 13. Bg5 Rg7 14. Qh4 Rxg5 15. Qxg5 Kxf8 16. Be2 Qd6 17. Re1 Bd7 18. Bh5 Nxh5 19. Qxh5 Kg7 20. c3 Ne5 21. Qg5+ Kh8 22. Qf4 Nxd3 23. Qd4+ 1-0

[Event "Dortmund op-B"]
[Site "Dortmund"]
[Date "2007.06.27"]
[Round "5"]
[White "Wolkow, Michael"]
[Black "Gegner, Michael"]
[Result "1-0"]
[WhiteElo "1752"]
[BlackElo "1510"]
[PlyCount "45"]
[EventDate "2007.06.22"]
[EventType "swiss"]
[EventRounds "9"]
[EventCountry "GER"]
[SourceTitle "EXT 2008"]
[Source "ChessBase"]
[SourceDate "2007.11.25"]
[SourceVersion "1"]
[SourceVersionDate "2007.11.25"]
[SourceQuality "1"]

1. e4 e5 2. Nf3 f5 3. exf5 e4 4. Qe2 Nf6 5. d3 d5 6. dxe4 dxe4 7. Nc3 Bxf5 8. Qb5+ Bd7 9. Qe5+ Qe7 10. Qxe7+ Bxe7 11. Ne5 Be6 12. Bg5 0-0 13. 0-0-0 h6 14. Bh4 g5 15. Ng6 Re8 16. Nxe7+ Rxe7 17. Rd8+ Kf7 18. Bg3 a6 19. Be2 Bg4 20. Bc4+ Kg7 21. Nd5 Nxd5 22. Bxd5 c6 23. Bb3 1-0

[Event "Dortmund Sparkassen op-B"]
[Site "Dortmund"]
[Date "2006.07.28"]
[Round "2"]
[White "Gegner, Michael"]
[Black "Kissing, Bastian"]
[Result "1-0"]
[WhiteElo "1477"]
[BlackElo "1640"]
[PlyCount "31"]
[EventDate "2006.07.28"]
[EventType "swiss"]
[EventRounds "9"]
[EventCountry "GER"]
[SourceTitle "CBM 113 Extra"]
[Source "ChessBase"]
[SourceDate "2006.09.14"]
[SourceVersion "1"]
[SourceVersionDate "2006.09.14"]
[SourceQuality "1"]

1. d4 Nf6 2. Nc3 d5 3. e4 dxe4 4. f3 exf3 5. Nxf3 e6 6. Bg5 c6 7. Bd3 Be7 8. 0-0 0-0 9. Qe1 Nbd7 10. Qh4 h6 11. Bxh6 gxh6 12. Qxh6 Re8 13. Ng5 Nf8 14. Rxf6 Bxf6 15. Bh7+ Nxh7 16. Qxh7+ 1-0

[Event "Dortmund Sparkassen op-B"]
[Site "Dortmund"]
[Date "2006.07.28"]
[Round "1"]
[White "Ropers, Klaus"]
[Black "Gegner, Michael"]
[Result "1/2-1/2"]
[WhiteElo "1741"]
[BlackElo "1477"]
[PlyCount "40"]
[EventDate "2006.07.28"]
[EventType "swiss"]
[EventRounds "9"]
[EventCountry "GER"]
[SourceTitle "CBM 113 Extra"]
[Source "ChessBase"]
[SourceDate "2006.09.14"]
[SourceVersion "1"]
[SourceVersionDate "2006.09.14"]
[SourceQuality "1"]

1. d4 Nf6 2. c4 e5 3. dxe5 Ne4 4. a3 d6 5. Nf3 Nc6 6. Bf4 g5 7. Bg3 Nxg3 8. hxg3 g4 9. Nfd2 Nxe5 10. e3 Bg7 11. Nc3 Bf5 12. Be2 h5 13. e4 Be6 14. Nd5 Ng6 15. Qc2 c6 16. Nf4 Nxf4 17. gxf4 Qb6 18. f5 Bd7 19. Qd3 Bd4 20. Qg3 Be5 1/2-1/2

[Event "Dortmund op"]
[Site "Dortmund"]
[Date "2006.03.06"]
[Round "1.17"]
[White "Gegner, Michael"]
[Black "Ziperstein, Jakob"]
[Result "0-1"]
[WhiteElo "1412"]
[BlackElo "1838"]
[PlyCount "38"]
[EventDate "2006.03.06"]
[EventType "swiss"]
[EventRounds "9"]
[EventCountry "GER"]
[SourceTitle "CBM 111 Extra"]
[Source "ChessBase"]
[SourceDate "2006.05.09"]
[SourceVersion "1"]
[SourceVersionDate "2006.05.09"]
[SourceQuality "1"]

1. d4 Nf6 2. Nc3 g6 3. e4 d6 4. f4 Bg7 5. Nf3 0-0 6. e5 Ne8 7. Ne2 c5 8. c3 Bg4 9. Ng3 cxd4 10. cxd4 Qb6 11. Be2 Nc6 12. Be3 Bxf3 13. Bxf3 dxe5 14. Bxc6 bxc6 15. fxe5 Bxe5 16. b3 Qb4+ 17. Kf2 Rd8 18. Ne2 Nf6 19. h3 c5 0-1